Η κόντρα : διηγήματα
Saved in:
| Main Author: | |
|---|---|
| Format: | Book |
| Language: | Greek |
| Published: |
Αθήνα :
Καστανιώτης,
1999
|
| Edition: | 8η έκδ. |
| Subjects: | |
| Tags: |
Add Tag
No Tags, Be the first to tag this record!
|
MARC
| LEADER | 00000cam a2200000 i 4500 | ||
|---|---|---|---|
| 001 | 1/49011 | ||
| 008 | 040218s1999 gre d | ||
| 020 | |a 960-03-2529-4 | ||
| 035 | |l 10072344 | ||
| 040 | |a GR-MY-UA |b gre |e aacr | ||
| 041 | 0 | |a gre | |
| 082 | 0 | |a 889.3 | |
| 100 | 1 | |a Σαμαράκης, Αντώνης Ευρ., |d 1919-2003. | |
| 245 | 1 | 2 | |a Η κόντρα : |b διηγήματα / |c Αντώνης Σαμαράκης |
| 250 | |a 8η έκδ. | ||
| 260 | |a Αθήνα : |b Καστανιώτης, |c 1999 | ||
| 300 | |a 134 σ. | ||
| 650 | 0 | 0 | |a Greek literature, Modern |y 20th century. |
| 852 | |a INST |b RHODES |e 20040218 |h 889.3 ΣΑΜ |p 005400019681 |q 005400019681 |t BK |y 0 | ||
| 901 | |a BIBL4-2004-1 | ||
| 909 | |a Ρ |b 105151 | ||
| 970 | |a ΚΟΥΛΑΚΙΟΤΗ |b ΛΙΤΣΑ |z 2004/02/18 | ||